Historia del Derecho
I tiakina i:
| Kaituhi matua: | |
|---|---|
| Hōputu: | Pukapuka |
| Reo: | Pāniora |
| I whakaputaina: |
Valparaíso, Chile:
Universitarias de Valparaíso
1989
|
| Putanga: | Segunda edición |
| Rangatū: | Universidad. Serie Cátedra
|
| Ngā marau: | |
| Ngā Tūtohu: |
Tāpirihia he Tūtohu
Kāore He Tūtohu, Me noho koe te mea tuatahi ki te tūtohu i tēnei pūkete!
|
MARC
| LEADER | 00000nam a2200000 a 4500 | ||
|---|---|---|---|
| 001 | UCT6955 | ||
| 003 | CL-VaPUC | ||
| 005 | 20250319160523.0 | ||
| 008 | 970113e19890000CL |||||||||||||||||spa|d | ||
| 999 | |c 255624 |d 255622 | ||
| 040 | |c Pontificia Universidad Católica de Valparaíso | ||
| 082 | 0 | 4 | |a 340.09 MER 1989 |2 21 |
| 100 | 1 | |a Merello Arecco, Italo |e autor |9 738176 | |
| 245 | 1 | 0 | |a Historia del Derecho |
| 250 | |a Segunda edición | ||
| 260 | |a Valparaíso, Chile: |b Universitarias de Valparaíso |c 1989 | ||
| 300 | |a Tomo I. | ||
| 490 | 0 | |a Universidad. Serie Cátedra | |
| 583 | |a last modification |c 19970113 00:00:00 |k Rodrigo Vera | ||
| 650 | 0 | |a Historia del derecho |9 255109 | |
| 650 | 0 | |a Derecho romano |9 255930 | |
| 650 | 0 | |a Derecho medieval |9 314261 | |
| 942 | |c BK |2 ddc | ||
| 945 | |d 19970113 00:00:00 |a paguirre | ||
| 952 | |0 0 |1 0 |2 ddc |4 0 |6 340_090000000000000_MER_1989 |7 0 |8 A |9 217348 |a BIBDER |b BIBDER |d 2019-11-15 |h t.I |i 4021126 |l 3 |m 1 |o 340.09 MER 1989 |p 4021126 |r 2023-04-06 |s 2023-04-06 |t |w 2019-11-15 |y BK |k DER | ||
| 952 | |0 0 |1 0 |4 0 |6 340_090000000000000_MER_1989 |7 0 |8 A |9 277947 |a BIBDER |b BIBDER |d 2019-11-19 |h t.I |i 1804731 |l 5 |m 1 |o 340.09 MER 1989 |p 1804731 |r 2024-06-18 |s 2024-06-05 |w 2019-11-19 |y BK |k DER | ||
| 952 | |0 0 |1 0 |4 0 |6 340_090000000000000_MER_1989 |7 0 |8 A |9 277948 |a BIBDER |b BIBDER |d 2019-11-19 |h t.I |i 180474K |l 4 |m 1 |o 340.09 MER 1989 |p 180474K |r 2024-10-14 |s 2024-10-01 |w 2019-11-19 |y BK |k DER | ||
| 952 | |0 0 |1 0 |4 0 |6 340_090000000000000_MER_1989 |7 0 |8 A |9 277949 |a BIBDER |b BIBDER |d 2019-11-19 |h t.I |i 1804758 |l 3 |o 340.09 MER 1989 |p 1804758 |r 2024-04-24 |s 2024-04-18 |w 2019-11-19 |y BK |k DER | ||
| 952 | |0 0 |1 0 |4 0 |6 340_090000000000000_MER_1989 |7 0 |8 A |9 277950 |a BIBDER |b BIBDER |d 2019-11-19 |h t.I |i 1804774 |l 2 |o 340.09 MER 1989 |p 1804774 |r 2024-04-25 |s 2024-04-18 |w 2019-11-19 |y BK |k DER | ||
| 952 | |0 0 |1 0 |4 0 |6 340_090000000000000_MER_1989 |7 0 |8 A |9 277952 |a BIBDER |b BIBDER |d 2019-11-19 |h t.I |i 3662675 |l 7 |o 340.09 MER 1989 |p 3662675 |r 2024-10-18 |s 2024-10-18 |w 2019-11-19 |y BK |k DER | ||
| 952 | |0 0 |1 0 |4 0 |6 340_090000000000000_MER_1989 |7 0 |8 A |9 277953 |a BIBDER |b BIBDER |d 2019-11-19 |h t.I |i 3662683 |l 8 |m 2 |o 340.09 MER 1989 |p 3662683 |r 2024-05-02 |s 2024-04-25 |w 2019-11-19 |y BK |k DER | ||
| 952 | |0 0 |1 0 |4 0 |6 340_090000000000000_MER_1989 |7 0 |8 A |9 277954 |a BIBDER |b BIBDER |d 2019-11-19 |h t.I |i 3662691 |l 2 |o 340.09 MER 1989 |p 3662691 |r 2024-04-24 |s 2024-04-17 |w 2019-11-19 |y BK |k DER | ||
| 952 | |0 0 |1 0 |4 0 |6 340_090000000000000_MER_1989 |7 0 |8 A |9 277955 |a BIBDER |b BIBDER |d 2019-11-19 |h t.I |i 3662705 |l 11 |m 4 |o 340.09 MER 1989 |p 3662705 |r 2024-06-18 |s 2024-05-29 |w 2019-11-19 |y BK |k DER | ||
| 952 | |0 0 |1 0 |4 0 |6 340_090000000000000_MER_1989 |7 0 |8 A |9 277956 |a BIBDER |b BIBDER |d 2019-11-19 |h t.I |i 3662713 |l 3 |m 1 |o 340.09 MER 1989 |p 3662713 |r 2024-04-23 |s 2024-04-16 |w 2019-11-19 |y BK |k DER | ||
| 952 | |0 0 |1 0 |4 0 |6 340_090000000000000_MER_1989 |7 0 |8 A |9 277957 |a BIBDER |b BIBDER |d 2019-11-19 |h t.I |i 3662721 |l 1 |m 4 |o 340.09 MER 1989 |p 3662721 |q 2025-12-31 |r 2020-03-13 |s 2020-03-13 |w 2019-11-19 |y BK |k DER | ||
| 952 | |0 0 |1 0 |4 0 |6 340_090000000000000_MER_1989 |7 0 |8 A |9 277958 |a BIBDER |b BIBDER |d 2019-11-19 |h t.I |i 366273K |l 6 |o 340.09 MER 1989 |p 366273K |r 2024-04-23 |s 2024-04-16 |w 2019-11-19 |y BK |k DER | ||
| 952 | |0 0 |1 0 |4 0 |6 340_090000000000000_MER_1989 |7 0 |8 A |9 277959 |a BIBDER |b BIBDER |d 2019-11-19 |h t.I |i 3662748 |l 4 |m 1 |o 340.09 MER 1989 |p 3662748 |q 2025-12-31 |r 2024-12-20 |s 2024-12-20 |w 2019-11-19 |y BK |k DER | ||
| 952 | |0 0 |1 0 |4 0 |6 340_090000000000000_MER_1989 |7 0 |8 A |9 277960 |a BIBDER |b BIBDER |d 2019-11-19 |h t.I |i 3662756 |l 5 |o 340.09 MER 1989 |p 3662756 |r 2024-04-24 |s 2024-04-17 |w 2019-11-19 |y BK |k DER | ||